000 02740cam a2200637 i 4500
001 1607
005 20231124152233.0
020 _a9780545663182
040 _aNJQ/DLC
_beng
_cZQP
_erda
_dDLC
_dOCLCO
_dOCLCF
_dBDX
_dYDX
_dBTCTA
_dOCLCQ
_dJY2
_dUAP
_dNPC
_dOCLCO
_dCZA
_dTCH
_dIUK
_dJQM
_dEHH
_dIN4
_dGK8
_dKN4
_dOCLCQ
_dERE
_dVP@
_dDMOPL
_dHLNDP
_dDLC
050 0 0 _aPZ7.A7379
_bFk 2018
082 0 4 _a813.6
100 1 _aArnold, Tedd
_eauthor
_eillustrator
245 1 0 _aFly Guy and the alienzz /
_cTedd Arnold.
246 3 _aFly Guy and the aliens
250 _aFirst edition, May 2018
260 _aNew York :
_bCartwheel Books,
_c2018
300 _a29 pages :
_bcolor illustrations ;
_c24 cm
490 1 _aFly Guy
505 _aM
520 _aBuzz is filming a movie about aliens from Outer Space, who capture Fly Guy and Buzz Boy--and our two heroes must outsmart the aliens, with some help from Dragon Dude and Fly Girl.
521 _a530
_bLexile
521 _aM
_bRaz-Plus
650 0 _aFlies
_vJuvenile fiction.
650 0 _aExtraterrestrial beings
_vJuvenile fiction.
650 0 _aMotion pictures
_vJuvenile fiction.
650 0 _aImagination
_vJuvenile fiction.
650 1 _aFlies
_vFiction.
650 1 _aExtraterrestrial beings
_vFiction.
650 1 _aMotion pictures
_xProduction and direction
_vFiction.
650 1 _aImagination
_vFiction.
650 1 _aHumorous stories.
650 4 _aJUVENILE FICTION / Animals / Insects, Spiders, etc.
650 4 _aJUVENILE FICTION / Humorous Stories.
650 4 _aJUVENILE FICTION / Paranormal, Occult & Supernatural.
650 7 _aJUVENILE FICTION / Animals / Insects, Spiders, etc.
_2bisacsh
650 7 _aJUVENILE FICTION / Humorous Stories.
_2bisacsh
650 7 _aJUVENILE FICTION / Paranormal, Occult & Supernatural.
_2bisacsh
650 7 _aExtraterrestrial beings.
_2fast
_0(OCoLC)fst01742248
650 7 _aFlies.
_2fast
_0(OCoLC)fst00927282
650 7 _aHumorous stories.
_2fast
_0(OCoLC)fst00963818
650 7 _aImagination.
_2fast
_0(OCoLC)fst00967585
650 7 _aMotion pictures.
_2fast
_0(OCoLC)fst01027285
650 7 _aFlies
_vFiction.
_2sears
650 7 _aMotion pictures
_xProduction and direction
_vFiction.
_2sears
650 7 _aImagination
_vFiction.
_2sears
650 7 _aAliens (Fictional characters)
_vFiction.
_2sears
655 7 _aFiction.
_2fast
_0(OCoLC)fst01423787
655 7 _aHumorous fiction.
_2fast
_0(OCoLC)fst01726649
655 7 _aJuvenile works.
_2fast
_0(OCoLC)fst01411637
655 7 _aPicture books.
_2fast
_0(OCoLC)fst01726789
655 7 _aHumorous stories.
_2gsafd
655 7 _aHumorous fiction.
_2lcgft
655 7 _aPicture books.
_2lcgft
906 _a7
_bcbc
_ccopycat
_d2
_eepcn
_f20
_gy-gencatlg
942 _2ddc
_cBK
_n0
999 _c1607
_d1607